=LDR 00000nam 2200000 4500 =001 INLIS000000000041278 =005 20130612150824 =008 ***********************************ind** =035 ##$$0010-061300000041278 =041 ##$$a ind =082 ##$$a 345.436 =090 ##$$a 345.436, Kit k.4 =100 ##$$a Hamzah, DR.Andi, SH =245 ##$$a KUHP Austria Sebagai Perbandingan, DR. Andi Hmzah, SH =260 ##$$a 1987 $b Jakarta Timur; Balai Aksara =300 ##$$a 240 hlmc20 cm =850 ##$$a NBPNMAT